Pokémon - Les attaques de Amonita - Statistiques

Statistiques générales
  • Ce quiz a été pris 18 fois
  • Le résultat moyen est 11 sur 14
Statistiques - réponses
Niveaux Types Noms des attaques % Correct
Niveau 60 Eau Hydrocanon
100%
Niveau 25 Sol Tir de Boue
100%
Niveau 15 Eau Pistolet à O
90%
Niveau 30 Roche Pouvoir Antique
90%
Niveau 55 Normal Exuviation
80%
Niveau 10 Sol Jet de Sable
80%
Niveau 5 Roche Roulade
80%
Niveau 50 Eau Surf
80%
Niveau 45 Roche Boule Roc
70%
Départ Normal Étreinte
70%
Départ Eau Repli
70%
Niveau 35 Eau Saumure
70%
Niveau 41 Normal Abri
50%
Niveau 20 Normal Groz'Yeux
50%
Aucun quiz correspondant
Distribution des résultats
% des personnes avec chaque résultat
Percentile par nombre de réponses
Votre historique - résultats
Vous n’avez pas pris ce quiz